[Event "POL-chT 2nd League"]
[Site "Lublin"]
[Date "2006.09.04"]
[Round "3.62"]
[White "Janik, Krzysztof"]
[Black "Chalupnik, Marcin"]
[Result "1/2-1/2"]
[WhiteElo "2248"]
[BlackElo "2284"]
[PlyCount "27"]
[EventDate "2006.09.02"]
[EventType "team-swiss"]
[EventRounds "9"]
[EventCountry "POL"]
[SourceTitle "EXT 2019"]
[Source "ChessBase"]
[SourceDate "2018.10.10"]
[SourceVersion "1"]
[SourceVersionDate "2018.10.10"]
[SourceQuality "1"]
[WhiteTeam "Krakow Cracovia"]
[BlackTeam "Warszawa YMCA"]
[WhiteTeamCountry "POL"]
[BlackTeamCountry "POL"]

1. Nf3 Nf6 2. b3 g6 3. Bb2 Bg7 4. e3 0-0 5. c4 d6 6. Nc3 e5 7. Qc2 Nc6 8. a3 a5 9. Be2 Re8 10. d3 h6 11. 0-0 Bf5 12. Rad1 Qd7 13. h3 Rad8 14. Nd5 1/2-1/2

[Event "Krynica op"]
[Site "Krynica"]
[Date "1994.??.??"]
[Round "?"]
[White "Janik, Krzysztof"]
[Black "Lokasto, Anatol"]
[Result "1-0"]
[WhiteElo "2210"]
[BlackElo "2350"]
[PlyCount "59"]
[EventDate "1994.??.??"]
[EventType "swiss"]
[EventRounds "9"]
[EventCountry "POL"]
[SourceTitle "EXT 1998"]
[Source "ChessBase"]
[SourceDate "1997.11.17"]
[SourceVersion "1"]
[SourceVersionDate "1997.11.17"]
[SourceQuality "1"]

1. e4 g6 2. d4 c6 3. c3 Bg7 4. Nf3 Nh6 5. Bf4 f6 6. b4 Nf7 7. Qb3 e5 8. Be3 d6 9. Bc4 Qc7 10. a4 b6 11. 0-0 0-0 12. dxe5 dxe5 13. Na3 Kh8 14. a5 Nd6 15. axb6 axb6 16. Bd3 Bb7 17. Nc4 Nxc4 18. Bxc4 Rd8 19. Rxa8 Bxa8 20. Ra1 Nd7 21. h3 Bf8 22. Nd2 Bb7 23. Ra7 Qb8 24. Qa2 c5 25. b5 Qc8 26. Be6 Bd6 27. Bd5 Bxd5 28. Qxd5 Bb8 29. Rb7 Kg7 30. Qc6 1-0